00453nam a22001217a 4500999001900000020001800019100003400037245005300071260004800124300000900172942001200181952013800193 c534993d534993 a9780987037237 aImam Ahmad Rida Ali al Qadiri aThe Mekkan treasure on the subject of the unseen aSouth AfricabImam Ahmad Raza Academyc2012 a208p 2ddccBK 00102ddc406297_000000000000000_RID709497277aCLbCLcISLd2020-08-25eDonationl0o297 RIDpCL-D-983r2020-08-25w2020-08-25yBK